000
00232nam a2200097Ia 4500
008
240625s9999 xx 000 0 und d
041
_a
eng
082
_a
808.20 ARO
100
_a
ARORA SONIA
245
_a
TRAINING AND DEVELOPMENT PROCESS
999
_c
37387
_d
37387